000 00415nam a2200145Ia 4500
008 211109s9999||||xx |||||||||||||| ||und||
082 _a820.9
_bJUS-L
100 _aJusserand, J J
245 0 _aLiterary History of the English People
260 _bC Fisher Unwin
_aLondon
_c1907
300 _a562p.
630 _xGeneral Stack
650 _aEnglish Literature
_vDictionary,Historyn of English
_xReference
942 _cBOOK
999 _c756
_d756